00375nam a22001457a 4500003000500000038001100005082001800016100001900034245003900053260003300092300001300125500001500138880003200153880004400185NUST awaseem a491.4914bMAL aMalik, Shahbaz aPunjabi Kahwatian /cShahbaz Malik aLahore :bAziz Books,c2004. a100 p. ; aPaperback. 6100-02\raشہباز ملک 6245-02\raپنجابی کہاوتاں /